000 00299nam a22001337a 4500
003 SGT
082 _a954.034
_bK10D
100 _aDIKSHIT, PARDEEP
245 _aKHADI, EK ETIHASIK SAMAGRA
260 _aINDIA
_bGANDHI SEVA SANGH
_c2010
300 _a444
650 _aMAHATMA GANDHI
942 _2ddc
_cBK
999 _c26004
_d26004